000 00409nam a2200145Ia 4500
008 230711s9999||||xx |||||||||||||| ||und||
041 _aENG
082 _a677
_bFO-S
100 _aFoulds,John
245 0 _aSmall scale Textile Engineering : a handbook of dyeing printing
250 _a1st . Ed.
260 _c1995
_aNew York
_bIntermediate Technology Publication
650 _aTextile Engineering
942 _cBK
999 _c3495
_d3495